Pokemon starting with the letter E - Statistics

General Stats
  • This quiz has been taken 15 times
  • The average score is 18 of 26
Answer Stats
Gen Answer % Correct
1 Eevee
100%
1 Electrode
92%
2 Elekid
85%
5 Elgyem
85%
5 Emolga
85%
1 Exeggcute
85%
1 Exeggutor
85%
1 Ekans
77%
1 Electabuzz
77%
5 Emboar
77%
2 Entei
77%
2 Espeon
77%
5 Eelektrik
69%
5 Eelektross
69%
4 Electivire
69%
3 Electrike
69%
4 Empoleon
69%
8 Enamorus
69%
6 Espurr
62%
5 Excadrill
62%
5 Escavalier
54%
8 Eternatus
54%
8 Eiscue
46%
8 Eldegoss
46%
9 Espathra
46%
3 Exploud
46%
No matching quizzes found
Score Distribution
Percent of People with Each Score
Percentile by Number Answered
Your Score History
You have not taken this quiz